Catálogo de la Biblioteca Horacio González - Universidad Nacional de General Sarmiento

El señor de las moscas (Registro nro. 54208)

Detalles MARC
000 -CABECERA
campo de control de longitud fija 01353ngm a22003370a 4500
001 - NÚMERO DE CONTROL
campo de control PT15246
003 - IDENTIFICADOR DEL NÚMERO DE CONTROL
campo de control AR-LpoUNG
005 - FECHA Y HORA DE LA ÚLTIMA TRANSACCIÓN
campo de control 20210202000141.0
007 - CAMPO FIJO DE DESCRIPCIÓN FÍSICA--INFORMACIÓN GENERAL
campo de control de longitud fija vd cvaizq
008 - DATOS DE LONGITUD FIJA--INFORMACIÓN GENERAL
campo de control de longitud fija 191001s1992||||ag |||||||||||||||||eng d
037 ## - FUENTE DE ADQUISICIÓN
Condiciones de disponibilidad $8.30
040 ## - FUENTE DE LA CATALOGACIÓN
Centro catalogador/agencia de origen AR-LpoUNG
Lengua de catalogación spa
Centro/agencia transcriptor AR-LpoUNG
Normas de descripción aacr
041 ## - CÓDIGO DE LENGUA
Código de lengua del texto/banda sonora o título independiente eng
-- spa
044 ## - CÓDIGO DEL PAÍS DE LA ENTIDAD EDITORA/PRODUCTORA
Código MARC del país ag
082 0# - NÚMERO DE LA CLASIFICACIÓN DECIMAL DEWEY
Número de clasificación 128 871señ
100 1# - ENTRADA PRINCIPAL--NOMBRE DE PERSONA
Nombre de persona Brook, Peter
Término indicativo de función/relación dir.
245 13 - MENCIÓN DE TÍTULO
Título El señor de las moscas
260 ## - PUBLICACIÓN, DISTRIBUCIÓN, ETC.
Lugar de publicación, distribución, etc. Buenos Aires :
Nombre del editor, distribuidor, etc. THV,
Fecha de publicación, distribución, etc. 1992.
300 ## - DESCRIPCIÓN FÍSICA
Extensión VHS : son., col.
505 0# - NOTA DE CONTENIDO CON FORMATO
Nota de contenido con formato Fotografía: Martín Fuhrer ; guión: Sara Schiff. - Diálogos en inglés, subtítulos en castellano.
520 ## - SUMARIO, ETC.
Sumario, etc. En una isla desierta en el pacífico, un grupo de estudiantes consigue ponerse a salvo luego de un accidente de aviación. La situación fascina a los jóvenes, todo comenzará como una apasionante aventura, pero pronto se convertirá en una lucha feroz por el poder y la sobrevivencia. Basado en la novela clásica del Premio Nobel, Sir. William Golding, el film cuestiona los valores humanos de la civilización.
650 #4 - PUNTO DE ACCESO ADICIONAL DE MATERIA--TÉRMINO DE MATERIA
Término de materia o nombre geográfico como elemento de entrada SISTEMAS DE VALORES
650 #4 - PUNTO DE ACCESO ADICIONAL DE MATERIA--TÉRMINO DE MATERIA
Término de materia o nombre geográfico como elemento de entrada SOCIALIZACION
650 #4 - PUNTO DE ACCESO ADICIONAL DE MATERIA--TÉRMINO DE MATERIA
Término de materia o nombre geográfico como elemento de entrada SOCIEDAD
650 #4 - PUNTO DE ACCESO ADICIONAL DE MATERIA--TÉRMINO DE MATERIA
Término de materia o nombre geográfico como elemento de entrada VALORES SOCIALES
653 ## - TÉRMINO DE INDIZACIÓN--NO CONTROLADO
Término no controlado VIDEOS
710 2# - PUNTO DE ACCESO ADICIONAL--NOMBRE DE ENTIDAD CORPORATIVA
Nombre de entidad corporativa o nombre de jurisdicción como elemento de entrada Castle Rock Entertainment (firma comercial)
710 2# - PUNTO DE ACCESO ADICIONAL--NOMBRE DE ENTIDAD CORPORATIVA
Nombre de entidad corporativa o nombre de jurisdicción como elemento de entrada Nelson Entertainment (firma comercial)
905 ## - ELEMENTOS DE DATOS E LOCAL, LDE (RLIN)
a 15246
942 ## - ELEMENTOS DE PUNTO DE ACCESO ADICIONAL (KOHA)
Tipo de ítem Koha Video
Existencias
Estado de retiro Estado de pérdida Estado dañado No para préstamo Código de colección Localización permanente Ubicación/localización actual Fecha de adquisición Total de préstamos Signatura topográfica completa Código de barras Fecha visto por última vez Precio válido a partir de Tipo de ítem Koha
        Colección Cine Biblioteca Universidad Nacional de General Sarmiento Biblioteca Universidad Nacional de General Sarmiento 02/02/2021   128 871señ 00018241 02/02/2021 02/02/2021 Video
        Colección Cine Biblioteca Universidad Nacional de General Sarmiento Biblioteca Universidad Nacional de General Sarmiento 02/02/2021   128 871señ 00018391 02/02/2021 02/02/2021 Video